Alfabet grecki - Statystyki

Ogólne statystyki
  • Ten quiz został rozwiązany 21 723 razy
  • Średni wynik to 11 z 24
Statystyki odpowiedzi
Litera % Poprawnych
Alfa
99%
Beta
97%
Gamma
85%
Delta
84%
Omega
84%
Epsilon
47%
Sigma
46%
Pi
40%
Eta
37%
Lambda
35%
Ksi
34%
My
33%
Ny
32%
Omikron
32%
Kappa
31%
Psi
31%
Dzeta
30%
Jota
30%
Theta
28%
Ipsylon
27%
Phi
26%
Rho
21%
Tau
21%
Chi
20%
Nie znaleziono quizów pasujących do podanych kryteriów
Rozkład punktacji
Procent ludzi z każdym wynikiem
Percentyl według liczby udzielonych odpowiedzi
Twoja historia wyników
Nie rozwiązałeś tego quizu